[Event "Drammen CC-ch"]
[Site "Drammen"]
[Date "2015.01.27"]
[Round "3"]
[White "Kristiansen, Tor"]
[Black "Henriksen, Geir Ivar"]
[Result "1/2-1/2"]
[WhiteElo "2177"]
[BlackElo "2194"]
[PlyCount "40"]
[EventDate "2015.01.13"]
[EventType "swiss"]
[EventRounds "9"]
[EventCountry "NOR"]
[SourceTitle "EXT 2024"]
[Source "ChessBase"]
[SourceDate "2023.10.10"]
[SourceVersion "1"]
[SourceVersionDate "2023.10.10"]
[SourceQuality "1"]

1. d4 Nf6 2. c3 g6 3. Nf3 Bg7 4. Bf4 0-0 5. Nbd2 d6 6. e3 c5 7. Be2 b6 8. 0-0 Bb7 9. h3 Nbd7 10. Bh2 Qc7 11. a4 a6 12. Re1 Rac8 13. Bf1 Rfe8 14. Qb3 Qc6 15. e4 cxd4 16. cxd4 Qc2 17. Bd3 Qxb3 18. Nxb3 Bh6 19. g4 Bg7 20. Bf1 e5 1/2-1/2

[Event "Drammen CC-ch"]
[Site "Drammen"]
[Date "2015.01.20"]
[Round "2"]
[White "Rueda Kjeldsen, Juan Carlos"]
[Black "Kristiansen, Tor"]
[Result "1/2-1/2"]
[WhiteElo "1994"]
[BlackElo "2177"]
[PlyCount "43"]
[EventDate "2015.01.13"]
[EventType "swiss"]
[EventRounds "9"]
[EventCountry "NOR"]
[SourceTitle "EXT 2024"]
[Source "ChessBase"]
[SourceDate "2023.10.10"]
[SourceVersion "1"]
[SourceVersionDate "2023.10.10"]
[SourceQuality "1"]

1. e4 c5 2. Nf3 Nc6 3. c3 e6 4. d4 d5 5. e5 Bd7 6. h4 Qb6 7. h5 cxd4 8. cxd4 Nh6 9. Rh4 Bb4+ 10. Nc3 Rc8 11. Bd3 Na5 12. Bd2 Nc4 13. Qc2 Nxd2 14. Qxd2 Qa5 15. Rc1 a6 16. a3 Bxc3 17. Rxc3 Rxc3 18. Qxc3 Qxc3+ 19. bxc3 f6 20. Ke2 Ke7 21. Rh1 Nf7 22. Kd2 1/2-1/2

[Event "Drammen CC-ch"]
[Site "Drammen"]
[Date "2014.03.11"]
[Round "6"]
[White "Hamre, Einar"]
[Black "Kristiansen, Tor"]
[Result "0-1"]
[WhiteElo "1825"]
[BlackElo "1930"]
[PlyCount "94"]
[EventDate "2014.01.14"]
[EventType "swiss"]
[EventRounds "9"]
[EventCountry "NOR"]
[SourceTitle "EXT 2024"]
[Source "ChessBase"]
[SourceDate "2023.10.10"]
[SourceVersion "1"]
[SourceVersionDate "2023.10.10"]
[SourceQuality "1"]

1. e4 c5 2. Nf3 d6 3. Bb5+ Nc6 4. d4 cxd4 5. Qxd4 Bd7 6. Bxc6 bxc6 7. 0-0 e5 8. Qd3 Be7 9. c4 Qc7 10. Nc3 Nf6 11. b3 0-0 12. Ba3 Qa5 13. Bb2 Rad8 14. Ne2 c5 15. Ng3 g6 16. h3 Ne8 17. Nh2 Ng7 18. Bc3 Qc7 19. Qd2 Rb8 20. Rad1 Rb7 21. Qh6 f6 22. f4 Rf7 23. f5 g5 24. Ng4 Be8 25. h4 gxh4 26. Qxh4 Rf8 27. Nh6+ Kh8 28. Kf2 Bc6 29. Rh1 Ne8 30. Qh5 Bd8 31. Ba5 Qxa5 32. Qe2 Rg7 33. Ng4 Rg5 34. Rh6 Rf7 35. Rdh1 Qc3 36. R6h5 Qd4+ 37. Ne3 Rfg7 38. R1h3 a5 39. R5h4 a4 40. Qf3 axb3 41. axb3 Ba5 42. Kf1 Qa1+ 43. Nd1 Kg8 44. Nh5 Rxg2 45. Nxg7 Rxg7 46. Qh5 Bd2 47. Rg4 Qxd1+ 0-1

[Event "Drammen CC-ch Master"]
[Site "Drammen"]
[Date "2012.04.10"]
[Round "7"]
[White "Hjelmaas, Lars"]
[Black "Kristiansen, Tor"]
[Result "1-0"]
[WhiteElo "2215"]
[BlackElo "1948"]
[PlyCount "47"]
[EventDate "2012.01.17"]
[EventType "tourn"]
[EventRounds "7"]
[EventCountry "NOR"]
[SourceTitle "EXT 2024"]
[Source "ChessBase"]
[SourceDate "2023.10.10"]
[SourceVersion "1"]
[SourceVersionDate "2023.10.10"]
[SourceQuality "1"]

1. d4 c5 2. d5 e5 3. e4 d6 4. f4 exf4 5. Bxf4 g5 6. Bg3 Bg7 7. Nc3 a6 8. Nf3 Bg4 9. Qd2 Bxf3 10. gxf3 Qe7 11. e5 Nd7 12. e6 Ne5 13. 0-0-0 f5 14. f4 gxf4 15. Bxf4 Ng6 16. Rg1 b5 17. Bg5 Qc7 18. Qf2 b4 19. Nb5 Qb8 20. Qxf5 Nh6 21. Bxh6 Bxh6+ 22. Kb1 Rf8 23. Qh5 axb5 24. Qxh6 1-0

[Event "Drammen CC-ch Master"]
[Site "Drammen"]
[Date "2012.01.17"]
[Round "2"]
[White "Kristiansen, Tor"]
[Black "Rueda Kjeldsen, Juan Carlos"]
[Result "1-0"]
[WhiteElo "1948"]
[BlackElo "1850"]
[PlyCount "78"]
[EventDate "2012.01.17"]
[EventType "tourn"]
[EventRounds "7"]
[EventCountry "NOR"]
[SourceTitle "EXT 2024"]
[Source "ChessBase"]
[SourceDate "2023.10.10"]
[SourceVersion "1"]
[SourceVersionDate "2023.10.10"]
[SourceQuality "1"]

1. c4 d5 2. cxd5 Nf6 3. Nc3 c6 4. d4 cxd5 5. e3 Nc6 6. Bd3 e5 7. dxe5 Nxe5 8. Nf3 Bd6 9. Bb5+ Kf8 10. Be2 a6 11. 0-0 Qc7 12. Kh1 Be6 13. Nd4 g5 14. e4 Nxe4 15. Nxe4 dxe4 16. Nxe6+ fxe6 17. Bxg5 Nf7 18. Rc1 Qa5 19. Bh6+ Ke7 20. Be3 Qe5 21. g3 Rhd8 22. Qb3 Rd7 23. Rfd1 Rad8 24. Qb6 h5 25. Bf4 Qf5 26. Bxd6+ Nxd6 27. Qc5 h4 28. Kg1 Qf6 29. Qc3 Qg6 30. Qe5 Rf8 31. Rxd6 Rxd6 32. Rc7+ Rd7 33. Qc5+ Ke8 34. Rxd7 Kxd7 35. Qxf8 e3 36. Qf3 Qb1+ 37. Kg2 exf2 38. Qxb7+ Kd6 39. Kxf2 Qf5+ 1-0

[Event "Drammen CC-ch Master"]
[Site "Drammen"]
[Date "2012.01.17"]
[Round "3"]
[White "Stokke, Jan"]
[Black "Kristiansen, Tor"]
[Result "1/2-1/2"]
[WhiteElo "1839"]
[BlackElo "1948"]
[PlyCount "107"]
[EventDate "2012.01.17"]
[EventType "tourn"]
[EventRounds "7"]
[EventCountry "NOR"]
[SourceTitle "EXT 2024"]
[Source "ChessBase"]
[SourceDate "2023.10.10"]
[SourceVersion "1"]
[SourceVersionDate "2023.10.10"]
[SourceQuality "1"]

1. c4 e5 2. Nc3 Nf6 3. e3 Nc6 4. d4 Bb4 5. Nf3 d6 6. dxe5 Bxc3+ 7. bxc3 Nxe5 8. Nxe5 dxe5 9. Ba3 Qxd1+ 10. Rxd1 Bd7 11. c5 Bc6 12. Be2 0-0 13. 0-0 Rfd8 14. c4 Ba4 15. Rxd8+ Rxd8 16. Bb4 Bc6 17. Rd1 Rxd1+ 18. Bxd1 Kf8 19. f3 Ke8 20. Kf2 Nd7 21. e4 Nf8 22. g3 Ne6 23. Ke3 g5 24. h4 gxh4 25. gxh4 f6 26. Kf2 Kf7 27. Kg3 Bd7 28. a4 Nf4 29. Bc2 Ne2+ 30. Kf2 Nd4 31. Bd1 Nc6 32. Bc3 Nb8 33. f4 Na6 34. fxe5 Nxc5 35. Kf3 Bxa4 36. Be2 Bc6 37. exf6 Nxe4 38. Bb2 Nxf6+ 39. Kf4 Bd7 40. Be5 c6 41. Bd3 h6 42. Bc7 Be6 43. Ke5 Ng4+ 44. Kd4 Ke7 45. Bb8 a6 46. Bf4 Kd8 47. Be2 h5 48. Bd3 Nf6 49. Be5 Ne8 50. Kc5 Bg4 51. Kb6 Kc8 52. Bb2 Nd6 53. c5 Nf5 54. Be4 1/2-1/2

[Event "Drammen CC-ch Master"]
[Site "Drammen"]
[Date "2011.01.11"]
[Round "1"]
[White "Henriksen, Geir Ivar"]
[Black "Kristiansen, Tor"]
[Result "1/2-1/2"]
[WhiteElo "2137"]
[BlackElo "1997"]
[PlyCount "93"]
[EventDate "2011.01.11"]
[EventType "tourn"]
[EventRounds "7"]
[EventCountry "NOR"]
[SourceTitle "EXT 2024"]
[Source "ChessBase"]
[SourceDate "2023.10.10"]
[SourceVersion "1"]
[SourceVersionDate "2023.10.10"]
[SourceQuality "1"]

1. d4 d5 2. Nf3 c6 3. c4 Nf6 4. e3 g6 5. Nc3 Bg7 6. Be2 0-0 7. 0-0 dxc4 8. Bxc4 Bg4 9. h3 Bxf3 10. Qxf3 Nbd7 11. Rd1 e5 12. d5 c5 13. e4 a6 14. Bg5 b5 15. Bf1 h6 16. Bxf6 Qxf6 17. a4 b4 18. Nb1 Qxf3 19. gxf3 f5 20. Nd2 fxe4 21. fxe4 Rf4 22. f3 Bf6 23. Kg2 Bh4 24. Be2 h5 25. Rac1 Rf7 26. Nc4 Bg5 27. Rc2 Bf4 28. b3 Rf6 29. a5 Ra7 30. Kf2 Bh6 31. d6 Bf8 32. Rd5 Kg7 33. Rcd2 Re6 34. Nb6 Kf6 35. Nxd7+ Rxd7 36. Bxa6 Rdxd6 37. Bb7 Rxd5 38. Rxd5 Bd6 39. a6 Bb8 40. Ke2 Ba7 41. Rd8 c4 42. bxc4 b3 43. Rd1 b2 44. Rb1 Bd4 45. c5 Bxc5 46. Rxb2 Ba7 47. h4 1/2-1/2

[Event "Drammen CC-ch Master"]
[Site "Drammen"]
[Date "2011.01.11"]
[Round "5"]
[White "Slettehaug, Roar"]
[Black "Kristiansen, Tor"]
[Result "0-1"]
[WhiteElo "1663"]
[BlackElo "1997"]
[PlyCount "120"]
[EventDate "2011.01.11"]
[EventType "tourn"]
[EventRounds "7"]
[EventCountry "NOR"]
[SourceTitle "EXT 2024"]
[Source "ChessBase"]
[SourceDate "2023.10.10"]
[SourceVersion "1"]
[SourceVersionDate "2023.10.10"]
[SourceQuality "1"]

1. e4 c5 2. Nf3 Nc6 3. d4 cxd4 4. Nxd4 Nf6 5. Nc3 d6 6. Bg5 a6 7. Bc4 Bd7 8. 0-0 e6 9. Qd2 Be7 10. a4 0-0 11. Rae1 Rc8 12. Kh1 Qc7 13. Be2 Nxd4 14. Qxd4 Qc5 15. Be3 Qxd4 16. Bxd4 e5 17. Bb6 Rc6 18. Be3 Be6 19. f3 h6 20. Rd1 Rfc8 21. Rd2 Bd8 22. Rfd1 Ne8 23. f4 Ba5 24. f5 Bxc3 25. bxc3 Bc4 26. Bf3 f6 27. Rf2 Bf7 28. Bd2 Rc4 29. Ra1 R4c5 30. Rff1 d5 31. Rfb1 Nd6 32. exd5 e4 33. Be2 Bxd5 34. Bf4 Nf7 35. Rd1 Bc6 36. c4 Re8 37. g4 Ne5 38. Be3 Ra5 39. Bb6 Rxa4 40. Rxa4 Bxa4 41. Rc1 Bc6 42. c5 Re7 43. Kg2 Rd7 44. Kf2 Rd4 45. h3 Kf8 46. Ke3 Rd7 47. Rb1 Ke8 48. Rb4 Nf7 49. h4 h5 50. g5 fxg5 51. hxg5 Nxg5 52. Bxh5+ Ke7 53. Rb1 Nf3 54. Ba5 Nd4 55. Kf4 Nxc2 56. Rg1 Kf8 57. Bc3 e3 58. f6 gxf6 59. Bxf6 Nb4 60. Rh1 Bxh1 0-1

[Event "Drammen Autumn"]
[Site "Drammen"]
[Date "2010.11.30"]
[Round "9"]
[White "Skogli, Paal"]
[Black "Kristiansen, Tor"]
[Result "0-1"]
[WhiteElo "1643"]
[BlackElo "2021"]
[PlyCount "102"]
[EventDate "2010.09.07"]
[EventType "swiss"]
[EventRounds "9"]
[EventCountry "NOR"]
[SourceTitle "EXT 2024"]
[Source "ChessBase"]
[SourceDate "2023.10.10"]
[SourceVersion "1"]
[SourceVersionDate "2023.10.10"]
[SourceQuality "1"]

1. e4 c5 2. Nf3 d6 3. Bc4 Nf6 4. Nc3 e6 5. 0-0 Be7 6. e5 dxe5 7. Nxe5 0-0 8. Re1 a6 9. a4 Qc7 10. d3 Nc6 11. Nxc6 Qxc6 12. Qe2 b6 13. Bf4 Bb7 14. f3 Rae8 15. Ne4 Nd5 16. Bd2 Kh8 17. c3 Bh4 18. Rf1 f5 19. Nf2 e5 20. Nh3 Bd8 21. Bb3 Bc7 22. Qf2 Qd6 23. Qh4 Qg6 24. Bc2 Bd8 25. Qf2 Qh5 26. Qe2 Bc7 27. Rae1 Qg6 28. Qf2 Bc8 29. d4 exd4 30. cxd4 c4 31. Rxe8 Rxe8 32. Re1 h6 33. Re2 b5 34. Qe1 Rxe2 35. Qxe2 Qe6 36. Qxe6 Bxe6 37. g3 Bb6 38. Bc3 b4 39. a5 Bxa5 40. Be1 Bb6 41. Bf2 b3 42. Bd1 g5 43. Kf1 f4 44. g4 Ne3+ 45. Ke2 Bxd4 46. Ng1 Bxb2 47. Bxe3 fxe3 48. Kxe3 c3 49. Kd3 c2 50. Bxc2 bxc2 51. Kxc2 Be5 0-1

[Event "Drammen Autumn"]
[Site "Drammen"]
[Date "2010.11.16"]
[Round "8"]
[White "Kristiansen, Tor"]
[Black "Henriksen, Geir Ivar"]
[Result "0-1"]
[WhiteElo "2021"]
[BlackElo "2133"]
[PlyCount "108"]
[EventDate "2010.09.07"]
[EventType "swiss"]
[EventRounds "9"]
[EventCountry "NOR"]
[SourceTitle "EXT 2024"]
[Source "ChessBase"]
[SourceDate "2023.10.10"]
[SourceVersion "1"]
[SourceVersionDate "2023.10.10"]
[SourceQuality "1"]

1. Nf3 c5 2. g3 Nc6 3. Bg2 g6 4. e4 Bg7 5. 0-0 e5 6. d3 Nge7 7. Be3 d6 8. Qd2 0-0 9. Bh6 f6 10. Bxg7 Kxg7 11. Nc3 Be6 12. Nd1 Qd7 13. c3 d5 14. Ne3 Rfd8 15. Rfd1 Rac8 16. Qe2 d4 17. Nc2 b5 18. cxd4 cxd4 19. Nfe1 a5 20. f4 Qd6 21. Qd2 b4 22. Nf3 Rb8 23. Nce1 a4 24. Rdc1 a3 25. b3 Na7 26. fxe5 fxe5 27. Qg5 Nec6 28. Nh4 Qe7 29. Nf5+ Bxf5 30. Qxe7+ Nxe7 31. exf5 Nb5 32. Rc5 Nxf5 33. Rxe5 Nc3 34. Nf3 Rd7 35. Bh3 Rf8 36. Bxf5 Rxf5 37. Rxf5 gxf5 38. Kf1 Kf6 39. Kf2 Rd5 40. Kf1 Ke7 41. Ng1 Re5 42. Nf3 Re2 43. Nxd4 Rxh2 44. Re1+ Kd7 45. Nxf5 Rxa2 46. Re7+ Kd8 47. Rb7 Rb2 48. Nd6 a2 49. Nf7+ Ke8 50. Nd6+ Kf8 51. Rf7+ Kg8 52. Ra7 Rb1+ 53. Kf2 a1Q 54. Nf5 Qxa7+ 0-1

[Event "Drammen Autumn"]
[Site "Drammen"]
[Date "2010.09.21"]
[Round "3"]
[White "Brokke, Otto"]
[Black "Kristiansen, Tor"]
[Result "1-0"]
[WhiteElo "1386"]
[BlackElo "2021"]
[PlyCount "77"]
[EventDate "2010.09.07"]
[EventType "swiss"]
[EventRounds "9"]
[EventCountry "NOR"]
[SourceTitle "EXT 2024"]
[Source "ChessBase"]
[SourceDate "2023.10.10"]
[SourceVersion "1"]
[SourceVersionDate "2023.10.10"]
[SourceQuality "1"]

1. e4 c5 2. Nf3 Nc6 3. d4 cxd4 4. Nxd4 Nf6 5. Nc3 d6 6. Be3 e5 7. Nb3 Be7 8. f3 0-0 9. Bc4 a6 10. Nd5 Nxd5 11. Bxd5 Bd7 12. Qd2 Qc7 13. 0-0 a5 14. a3 a4 15. Nc1 Na5 16. Ne2 Nc4 17. Qc3 Rac8 18. Bf2 Bg5 19. Qxc4 Qxc4 20. Bxc4 Rxc4 21. Nc3 Be6 22. Rfd1 Be7 23. Rd2 Rfc8 24. Rad1 g6 25. Bb6 Ra8 26. Nb5 Ra6 27. Bc7 Bg5 28. Rxd6 Rxc2 29. Rxa6 bxa6 30. Nc3 Be3+ 31. Kh1 Bd4 32. Ba5 Rxb2 33. Nd5 Rb3 34. Bb4 a5 35. Be7 h5 36. h3 Rb5 37. Bf6 Rb3 38. Rc1 Rb8 39. Ne7+ 1-0

[Event "Drammens CC-ch"]
[Site "Drammen"]
[Date "2010.03.09"]
[Round "6"]
[White "Magnusson, Bengt"]
[Black "Kristiansen, Tor"]
[Result "0-1"]
[WhiteElo "1847"]
[BlackElo "2023"]
[PlyCount "96"]
[EventDate "2010.01.12"]
[EventType "tourn"]
[EventRounds "7"]
[EventCountry "NOR"]
[SourceTitle "EXT 2024"]
[Source "ChessBase"]
[SourceDate "2023.10.10"]
[SourceVersion "1"]
[SourceVersionDate "2023.10.10"]
[SourceQuality "1"]

1. e4 c5 2. Nc3 d6 3. f4 Nc6 4. Nf3 g6 5. Bc4 Bg7 6. 0-0 e6 7. d3 Nge7 8. Qe1 Nd4 9. Bb3 Bd7 10. f5 Qb6 11. Bg5 c4 12. Kh1 Nxf3 13. Rxf3 cxb3 14. f6 Bf8 15. fxe7 Bxe7 16. Bxe7 Kxe7 17. Qh4+ Ke8 18. Qf6 Rf8 19. axb3 Qd8 20. e5 Qxf6 21. exf6 Bc6 22. Re3 Kd7 23. b4 a6 24. Na4 Bxa4 25. Rxa4 Rac8 26. c3 h5 27. d4 Rfe8 28. Ra5 Rc6 29. b3 d5 30. b5 Rb6 31. c4 axb5 32. c5 Ra6 33. Rxa6 bxa6 34. b4 Kc6 35. Kg1 Ra8 36. Ra3 Kb7 37. Kf2 Re8 38. c6+ Kb6 39. c7 Rc8 40. Ke3 Rxc7 41. Kf4 Rc4 42. Ke5 Rxb4 43. Rg3 Rc4 44. Kd6 b4 45. Kd7 Rc7+ 46. Kd6 a5 47. Re3 a4 48. h3 b3 0-1

[Event "Drammens CC-ch"]
[Site "Drammen"]
[Date "2010.03.02"]
[Round "5"]
[White "Thjomoe, Hans Richard"]
[Black "Kristiansen, Tor"]
[Result "0-1"]
[WhiteElo "1696"]
[BlackElo "2023"]
[PlyCount "86"]
[EventDate "2010.01.12"]
[EventType "tourn"]
[EventRounds "7"]
[EventCountry "NOR"]
[SourceTitle "EXT 2024"]
[Source "ChessBase"]
[SourceDate "2023.10.10"]
[SourceVersion "1"]
[SourceVersionDate "2023.10.10"]
[SourceQuality "1"]

1. e4 c5 2. Nf3 d6 3. d4 cxd4 4. Nxd4 Nf6 5. Nc3 a6 6. f3 e6 7. Be3 Be7 8. Qd2 Nc6 9. Nb3 b5 10. 0-0-0 0-0 11. h4 Qc7 12. Qf2 Nd7 13. f4 Na5 14. Nxa5 Qxa5 15. Kb1 b4 16. Ne2 Qc7 17. Nd4 Nc5 18. Bd3 Bb7 19. Bd2 a5 20. Qe2 Rac8 21. e5 Nxd3 22. cxd3 dxe5 23. fxe5 Bc5 24. Rc1 Qb6 25. Nb3 Be7 26. Be3 Qb5 27. Bg5 Bd8 28. Rxc8 Bxc8 29. Nc1 Bb6 30. Be7 Re8 31. Bd6 Bc5 32. Bxc5 Qxc5 33. Nb3 Qd5 34. Rd1 Bb7 35. g4 a4 36. Nc1 b3 37. a3 Rc8 38. Qd2 Qc5 39. Re1 Qc2+ 40. Qxc2 Rxc2 41. Re2 Rc5 42. d4 Rc4 43. Rd2 Be4+ 0-1

[Event "Drammens CC-ch"]
[Site "Drammen"]
[Date "2010.02.23"]
[Round "4"]
[White "Kristiansen, Tor"]
[Black "Hjelmaas, Lars"]
[Result "0-1"]
[WhiteElo "2023"]
[BlackElo "2213"]
[PlyCount "130"]
[EventDate "2010.01.12"]
[EventType "tourn"]
[EventRounds "7"]
[EventCountry "NOR"]
[SourceTitle "EXT 2024"]
[Source "ChessBase"]
[SourceDate "2023.10.10"]
[SourceVersion "1"]
[SourceVersionDate "2023.10.10"]
[SourceQuality "1"]

1. d4 e6 2. e4 d5 3. Nd2 Nf6 4. e5 Nfd7 5. Bd3 c5 6. c3 Nc6 7. Ne2 cxd4 8. cxd4 f6 9. Nf4 Nxd4 10. Qh5+ Ke7 11. Ng6+ hxg6 12. Qxh8 Nxe5 13. Qh3 Kf7 14. 0-0 Nxd3 15. Qxd3 e5 16. Nb3 Bf5 17. Qd1 Bc2 18. Qg4 Nxb3 19. axb3 Bxb3 20. h4 d4 21. h5 gxh5 22. Qxh5+ Kg8 23. Bd2 d3 24. Rfe1 Qd4 25. Qf5 Rd8 26. Rab1 Bc5 27. Re4 Qd7 28. Qh5 Bf7 29. Qh4 Qf5 30. Rbe1 Bd4 31. Qg3 Bxb2 32. Rg4 g6 33. Rb1 Bd4 34. Rxb7 Bxf2+ 35. Qxf2 Qxg4 36. Qxf6 Qd1+ 37. Kh2 Rf8 38. Qg5 Qh5+ 39. Qxh5 gxh5 40. Rxa7 Rc8 41. Re7 Rc2 42. Be3 Re2 43. Rxe5 d2 44. Rg5+ Kh7 45. Bxd2 Rxd2 46. Kh3 Kh6 47. Ra5 Rd5 48. Ra6+ Kg5 49. Ra4 Be6+ 50. Kg3 Rf5 51. Rd4 Bd5 52. Rd2 Re5 53. Kh3 Be6+ 54. Kg3 Re3+ 55. Kf2 Rb3 56. Rd6 Bf5 57. Rd8 Kf4 58. Rh8 Rb2+ 59. Ke1 Bg4 60. Re8 Rxg2 61. Rf8+ Kg3 62. Rb8 Rg1+ 63. Kd2 h4 64. Ke3 h3 65. Rb2 h2 0-1

[Event "Drammens CC-ch"]
[Site "Drammen"]
[Date "2010.01.26"]
[Round "3"]
[White "Egede Nissen, Bjorn"]
[Black "Kristiansen, Tor"]
[Result "0-1"]
[WhiteElo "1875"]
[BlackElo "2023"]
[PlyCount "40"]
[EventDate "2010.01.12"]
[EventType "tourn"]
[EventRounds "7"]
[EventCountry "NOR"]
[SourceTitle "EXT 2024"]
[Source "ChessBase"]
[SourceDate "2023.10.10"]
[SourceVersion "1"]
[SourceVersionDate "2023.10.10"]
[SourceQuality "1"]

1. d4 Nf6 2. g3 d5 3. Bg2 Bf5 4. Nf3 c6 5. 0-0 h6 6. b3 e6 7. Bb2 Nbd7 8. Nbd2 Be7 9. c4 Ne4 10. Ne1 Nxd2 11. Qxd2 0-0 12. Nd3 a5 13. f3 Bh7 14. e4 a4 15. c5 dxe4 16. fxe4 e5 17. b4 a3 18. Bc3 exd4 19. Bxd4 Nf6 20. Qe3 Ng4 0-1

[Event "Drammens CC-ch"]
[Site "Drammen"]
[Date "2010.01.12"]
[Round "1"]
[White "Stokke, Jan"]
[Black "Kristiansen, Tor"]
[Result "0-1"]
[WhiteElo "1747"]
[BlackElo "2023"]
[PlyCount "110"]
[EventDate "2010.01.12"]
[EventType "tourn"]
[EventRounds "7"]
[EventCountry "NOR"]
[SourceTitle "EXT 2024"]
[Source "ChessBase"]
[SourceDate "2023.10.10"]
[SourceVersion "1"]
[SourceVersionDate "2023.10.10"]
[SourceQuality "1"]

1. Nf3 d5 2. d4 c6 3. Bf4 Nf6 4. h3 Qb6 5. e3 Bf5 6. b3 e6 7. Be2 Bb4+ 8. Nfd2 0-0 9. 0-0 Qd8 10. c4 Be7 11. Nc3 Nbd7 12. Bf3 h6 13. Kh1 Bh7 14. Rg1 Ne8 15. g4 g5 16. Bg3 Ng7 17. Qe2 Rc8 18. a3 dxc4 19. Nxc4 Nb6 20. Ne4 Ne8 21. Nc5 Nxc4 22. bxc4 b6 23. Nd3 c5 24. d5 Bd6 25. Ne5 Bxe5 26. Bxe5 f6 27. Bb2 e5 28. e4 Nd6 29. a4 a6 30. Rgc1 Qd7 31. a5 b5 32. cxb5 axb5 33. Kg2 Bg6 34. Rh1 Kg7 35. h4 Rb8 36. hxg5 hxg5 37. Qc2 b4 38. Qa4 Qxa4 39. Rxa4 c4 40. Rc1 c3 41. Bxc3 bxc3 42. Rxc3 Rfc8 43. Rxc8 Rxc8 44. a6 Ra8 45. Kg3 Ra7 46. Bg2 Be8 47. Ra1 Bb5 48. f3 Rxa6 49. Rxa6 Bxa6 50. Kf2 Kf7 51. Bh3 Ke7 52. Bg2 Nb7 53. Bh3 Kd6 54. Bg2 Nc5 55. Kg3 Nd7 0-1

[Event "Copenhagen Open-03 (Politiken Cup-02)"]
[Site "Copenhagen"]
[Date "1981.06.22"]
[Round "3"]
[White "Kristiansen, Tor"]
[Black "Schneider, Lars Ake"]
[Result "0-1"]
[WhiteElo "2250"]
[BlackElo "2410"]
[PlyCount "70"]
[EventDate "1981.06.20"]
[EventType "swiss"]
[EventRounds "10"]
[EventCountry "DEN"]
[SourceTitle "EXT 2000"]
[Source "ChessBase"]
[SourceDate "1999.11.16"]
[SourceVersion "1"]
[SourceVersionDate "1999.11.16"]
[SourceQuality "1"]

1. c4 c5 2. g3 Nc6 3. Bg2 g6 4. Nc3 Bg7 5. e4 e6 6. Nge2 Nge7 7. 0-0 0-0 8. d3 d6 9. Be3 Nd4 10. Rb1 Nec6 11. Qd2 f5 12. Bg5 Qc7 13. Nxd4 Nxd4 14. Ne2 Bd7 15. Nxd4 Bxd4 16. b4 cxb4 17. Qxb4 Bc6 18. Qb3 fxe4 19. dxe4 Bc5 20. Rbd1 e5 21. Be3 Qb6 22. Rd3 Bxe3 23. Rxe3 Qc5 24. Qa3 Rad8 25. Rd3 Kg7 26. Qxc5 dxc5 27. Rfd1 Rd4 28. Rxd4 cxd4 29. Kf1 g5 30. h3 Kf6 31. Ke2 Ke6 32. Rf1 Kd6 33. f3 b5 34. Kd3 Rc8 35. f4 bxc4+ 0-1

[Event "Copenhagen Open-03 (Politiken Cup-02)"]
[Site "Copenhagen"]
[Date "1981.06.21"]
[Round "2"]
[White "Roos, Louis"]
[Black "Kristiansen, Tor"]
[Result "1/2-1/2"]
[WhiteElo "2375"]
[BlackElo "2250"]
[PlyCount "42"]
[EventDate "1981.06.20"]
[EventType "swiss"]
[EventRounds "10"]
[EventCountry "DEN"]
[SourceTitle "EXT 2000"]
[Source "ChessBase"]
[SourceDate "1999.11.16"]
[SourceVersion "1"]
[SourceVersionDate "1999.11.16"]
[SourceQuality "1"]

1. e4 e5 2. Nf3 Nf6 3. Nxe5 d6 4. Nf3 Nxe4 5. Qe2 Qe7 6. d3 Nf6 7. Bg5 Be6 8. Nc3 c6 9. 0-0-0 Nbd7 10. h3 0-0-0 11. Nd4 h6 12. Bd2 Nd5 13. f4 Qf6 14. Qf2 Nc5 15. Re1 Nb6 16. Be2 d5 17. Rhf1 Nca4 18. Nxa4 Nxa4 19. c3 Bd7 20. Nf3 Bc5 21. d4 Bd6 1/2-1/2

[Event "Copenhagen Open-03 (Politiken Cup-02)"]
[Site "Copenhagen"]
[Date "1981.06.20"]
[Round "1"]
[White "Kristiansen, Tor"]
[Black "Pokojowczyk, Jerzy"]
[Result "0-1"]
[WhiteElo "2250"]
[BlackElo "2390"]
[PlyCount "64"]
[EventDate "1981.06.20"]
[EventType "swiss"]
[EventRounds "10"]
[EventCountry "DEN"]
[SourceTitle "EXT 2000"]
[Source "ChessBase"]
[SourceDate "1999.11.16"]
[SourceVersion "1"]
[SourceVersionDate "1999.11.16"]
[SourceQuality "1"]

1. c4 Nf6 2. Nc3 g6 3. g3 Bg7 4. Bg2 0-0 5. e4 d6 6. Nge2 c5 7. 0-0 Nc6 8. d3 Ne8 9. Be3 Nd4 10. Qd2 Nc7 11. Bh6 Nce6 12. Bxg7 Kxg7 13. f4 Nc6 14. f5 Ned4 15. Nd5 f6 16. h4 Nxe2+ 17. Qxe2 Nd4 18. Qd2 gxf5 19. exf5 Bxf5 20. Nf4 Rb8 21. Nh5+ Kh8 22. Rae1 Rg8 23. Kh2 Bg4 24. Nf4 e5 25. Ne2 Bxe2 26. Rxe2 f5 27. Re3 Qe7 28. Bd5 Rg4 29. Bf3 Rg7 30. Bd5 Rf8 31. Ree1 f4 32. Rg1 fxg3+ 0-1

[Event "Gausdal International"]
[Site "Gausdal"]
[Date "1981.??.??"]
[Round "9"]
[White "Wiedenkeller, Michael"]
[Black "Kristiansen, Tor"]
[Result "1-0"]
[WhiteElo "2330"]
[BlackElo "2250"]
[PlyCount "53"]
[EventDate "1981.08.??"]
[EventType "swiss"]
[EventRounds "9"]
[EventCountry "NOR"]
[SourceTitle "MCD"]
[Source "ChessBase"]
[SourceDate "1999.07.01"]
[SourceVersion "1"]
[SourceVersionDate "1999.07.01"]
[SourceQuality "1"]

1. e4 e5 2. Nf3 Nf6 3. Nxe5 Nxe4 4. Qe2 Qe7 5. Qxe4 d6 6. d4 dxe5 7. dxe5 Nc6 8. f4 Bd7 9. Nc3 0-0-0 10. Be3 f6 11. exf6 Qxe4 12. Nxe4 Re8 13. Bd3 gxf6 14. Kf2 Bg7 15. c3 Ne7 16. Bd4 Nd5 17. g3 h5 18. Nc5 Bc6 19. Bf5+ Kb8 20. Ne6 Bh6 21. Rhe1 h4 22. c4 hxg3+ 23. hxg3 Ne7 24. Be4 Bxe4 25. Rxe4 f5 26. Re3 Rhg8 27. Be5 1-0

[Event "London Aaronson Open"]
[Site "London"]
[Date "1978.??.??"]
[Round "6"]
[White "Cummings, David H"]
[Black "Kristiansen, Tor"]
[Result "1-0"]
[WhiteElo "2230"]
[BlackElo "2320"]
[PlyCount "63"]
[EventDate "1978.03.23"]
[EventType "swiss"]
[EventRounds "10"]
[EventCountry "ENG"]
[SourceTitle "MCD"]
[Source "ChessBase"]
[SourceDate "1999.07.01"]
[SourceVersion "1"]
[SourceVersionDate "1999.07.01"]
[SourceQuality "1"]

1. Nf3 Nf6 2. c4 g6 3. Nc3 Bg7 4. g3 0-0 5. Bg2 d6 6. 0-0 Nc6 7. d4 e5 8. d5 Ne7 9. e4 Bg4 10. Be3 Nd7 11. Qd2 Bxf3 12. Bxf3 f5 13. Bg2 Nb6 14. Qd3 h6 15. exf5 Nxf5 16. b4 Nd7 17. Ne4 Qe7 18. c5 Nxe3 19. Qxe3 Nf6 20. Rac1 a5 21. cxd6 cxd6 22. b5 a4 23. Nxf6+ Rxf6 24. Qb6 Qd8 25. Qxb7 Rb8 26. Qa6 a3 27. Rc3 Ra8 28. Qc6 Rf8 29. Be4 g5 30. Rfc1 g4 31. b6 Qf6 32. R1c2 1-0